Popeda soitetuimmat biisit livenä (lähinnä 2010 ->) - Statistics

Yleistilastot
  • Tätä visaa on pelattu 38 kertaa
  • Keskiarvotulos 13 / 31
Vastaustilastot
Vastaus % Oikein
Kuuma kesä
94%
Kersantti Karoliina
88%
Matkalla Alabamaan
79%
Lihaa ja perunaa
76%
Kakskytä centtiä
74%
Punaista ja makeaa
71%
Tahdotko mut tosiaan
71%
Kaasua
65%
Repe ja Lissu
62%
Ukkometso
62%
Kellot lyö
59%
Sukset
53%
Onhan päivä vielä huommennakin
50%
Elän itselleni
38%
Mää ja tapparan mies
38%
Rokkikone
38%
Aino
35%
Kun mies unelmoi
32%
Da da
29%
Pohjantähden alla
26%
Tää on se yö
26%
Olen valmis
24%
Öljytyt lanteet
24%
Palle and the boys
24%
Helvetin pitkä perjantai
21%
Delilah
18%
20 vuotta sikana
15%
Elämässä pitää olla runkkua
15%
Hulapaloo
12%
Mörri-Möykky
9%
Kotiin
6%
Ehtoja vastaavia visoja ei löytynyt
Tulosjakauma
Jokaisen tuloksen saaneiden osuus
Persentiili vastausten määrän mukaan
Tuloshistoriasi
Et ole pelannut tätä visaa